A slice of advice (Record no. 77079)

MARC details
000 -CABECERA
campo de control de longitud fija 00977nam a2200349 a 4500
005 - FECHA Y HORA DE LA ÚLTIMA TRANSACCIÓN
campo de control 20210219153439.0
008 - ELEMENTOS DE LONGITUD FIJA--INFORMACIÓN GENERAL
campo de control de longitud fija 991125n 000 0 u
035 ## - NÚMERO DE CONTROL DEL SISTEMA
Número de control de sistema UPN01000100290
100 ## - ASIENTO PRINCIPAL--NOMBRE PERSONAL
Nombre de persona Popham, James W
222 ## - TÍTULO CLAVE
Título clave EDUCATIONAL RESEARCHER
245 ## - MENCIÓN DE TÍTULO
Título A slice of advice
300 ## - DESCRIPCIÓN FÍSICA
Extensión 18, 35
362 ## - FECHAS DE PUBLICACIÓN Y/O DESIGNACIÓN SECUENCIAL
Fecha de publicación y/o designación secuencial 20, No. 9, 1991
505 ## - NOTA DE CONTENIDO CON FORMATO PREESTABLECIDO
Nota de contenido con formato Mayo 1992
505 ## - NOTA DE CONTENIDO CON FORMATO PREESTABLECIDO
Nota de contenido con formato Octubre 1993
505 ## - NOTA DE CONTENIDO CON FORMATO PREESTABLECIDO
Nota de contenido con formato Septiembre 1992
653 0# - TERMINO DE INDIZACION - NO CONTROLADO
Término no controlado COLEGIALES
653 0# - TERMINO DE INDIZACION - NO CONTROLADO
Término no controlado DIFUSION DE INFORMACION
653 0# - TERMINO DE INDIZACION - NO CONTROLADO
Término no controlado DISE\197O DE INVESTIGACION
653 0# - TERMINO DE INDIZACION - NO CONTROLADO
Término no controlado EVALUADORES
653 0# - TERMINO DE INDIZACION - NO CONTROLADO
Término no controlado INVESTIGACION EDUCATIVA
653 0# - TERMINO DE INDIZACION - NO CONTROLADO
Término no controlado INVESTIGACION EN CIENCIAS SOCIALES
653 0# - TERMINO DE INDIZACION - NO CONTROLADO
Término no controlado 7. INVESTIGADORES
653 0# - TERMINO DE INDIZACION - NO CONTROLADO
Término no controlado 8. INVESTIGADORES EDUCATIVOS
653 0# - TERMINO DE INDIZACION - NO CONTROLADO
Término no controlado 9. RELACION ENTRE COMPA\197EROS
653 0# - TERMINO DE INDIZACION - NO CONTROLADO
Término no controlado 10. RELACION TEORIA-PRACTICA
653 0# - TERMINO DE INDIZACION - NO CONTROLADO
Término no controlado 11. WRITING FOR PUBLICATION
700 ## - ASIENTO SECUNDARIO--NOMBRE DE PERSONAL
Nombre de persona Glass, Gene V
700 ## - ASIENTO SECUNDARIO--NOMBRE DE PERSONAL
Nombre de persona Stanley, Julian C.
904 ## - ELEMENTOS DE DATOS D LOCAL, LDD (RLIN)
a AC
b 038101
905 ## - TIPO DE MATERIAL
Tipo de material Articulo

No items available.